[Event "Russian Championship G15 2016"]
[Site "Loo"]
[Date "2016.04.20"]
[Round "1.10"]
[White "Stroganova, Karina"]
[Black "Koroleva, Evgeniya"]
[Result "0-1"]
[WhiteElo "1704"]
[BlackElo "1881"]
[PlyCount "86"]
[EventDate "2016.04.20"]

1. d4 d5 2. Nf3 Nf6 3. g3 Bf5 4. Bg2 e6 5. O-O Bd6 6. c4 c6 7. Nc3 O-O 8. Re1
Qc7 9. c5 Be7 10. Bf4 Qc8 11. Ne5 Nbd7 12. b4 Rd8 13. Qb3 h6 14. b5 Nxe5 15.
Bxe5 Nd7 16. Bf4 e5 17. bxc6 bxc6 18. Bxe5 Nxe5 19. dxe5 Bxc5 20. e4 Rb8 21.
Qc2 dxe4 22. Nxe4 Bd4 23. Rab1 Rxb1 24. Rxb1 Bxe5 25. Rc1 Qe6 26. Qa4 Rd4 27.
Qc2 Bxg3 28. Qc5 Be5 29. f4 Rd5 30. Nf6+ Bxf6 31. Bxd5 Qxd5 32. Qxd5 cxd5 33.
Kf2 Bd4+ 34. Kg3 Bb6 35. Rd1 Be4 36. Rc1 Kf8 37. Rc8+ Ke7 38. h4 h5 39. Rb8 g6
40. Rb7+ Ke6 41. a4 Bf5 42. Kf3 Be4+ 43. Ke2 Kf6 0-1

[Event "Russian Championship G15 2016"]
[Site "Loo"]
[Date "2016.04.20"]
[Round "1.11"]
[White "Pankova, Julia"]
[Black "Kurkova, Sofia"]
[Result "1-0"]
[WhiteElo "1861"]
[BlackElo "1700"]
[PlyCount "127"]
[EventDate "2016.04.20"]

1. e4 d5 2. exd5 Qxd5 3. Nc3 Qa5 4. d4 Nf6 5. Nf3 Bg4 6. h3 Bh5 7. g4 Bg6 8.
Ne5 c6 9. h4 Be4 10. Nc4 Qc7 11. Nxe4 Nxe4 12. Qf3 Nd6 13. Bf4 Nd7 14. Bg2 Nf6
15. O-O e6 16. Ne5 O-O-O 17. c4 Rg8 18. Qb3 Nde4 19. Qe3 Qb6 20. Bxe4 Qxd4 21.
Bf3 Bc5 22. Qxd4 Bxd4 23. Rab1 Rgf8 24. Rfd1 Ne8 25. Bg2 f6 26. Nf3 e5 27. Nxd4
exd4 28. c5 Rf7 29. Rd3 Nc7 30. Bxc7 Kxc7 31. Rbd1 Rfd7 32. Be4 g6 33. Rf3 Re7
34. Bd3 Rf8 35. Kf1 b6 36. Re1 Rxe1+ 37. Kxe1 bxc5 38. Kd2 Kd6 39. Bc4 Ke5 40.
Ra3 Rb8 41. Kc2 Rb7 42. Ra6 Rc7 43. Ra5 Kf4 44. Be2 Re7 45. Kd2 Ke5 46. Rxc5+
Kd6 47. Ra5 c5 48. Bc4 h6 49. Ra6+ Ke5 50. Rc6 Kf4 51. Be2 f5 52. Rxg6 fxg4 53.
Rxg4+ Kf5 54. Rg8 Rc7 55. b3 Re7 56. Rc8 Re5 57. Rf8+ Kg6 58. Ra8 Re7 59. Rc8
Rf7 60. h5+ Kg5 61. Rxc5+ Kh4 62. Rd5 Rxf2 63. Rxd4+ Kg5 64. Rd7 1-0

[Event "Russian Championship G15 2016"]
[Site "Loo"]
[Date "2016.04.20"]
[Round "1.12"]
[White "Alferova, Polina"]
[Black "Popova, Irina"]
[Result "0-1"]
[WhiteElo "1698"]
[BlackElo "1856"]
[PlyCount "50"]
[EventDate "2016.04.20"]

1. d4 Nf6 2. c4 e6 3. Nc3 Bb4 4. a3 Bxc3+ 5. bxc3 d5 6. e3 O-O 7. Nf3 c6 8. Bd3
Nbd7 9. O-O Re8 10. cxd5 exd5 11. Qc2 Ne4 12. c4 h5 13. h4 Nf8 14. g3 Qf6 15.
Ne5 Bh3 16. Re1 Rxe5 17. dxe5 Qf3 18. Bf1 Nxg3 19. fxg3 Qxg3+ 20. Bg2 Qxe1+ 21.
Kh2 Bxg2 22. Kxg2 Qxh4 23. cxd5 Qg5+ 24. Kf2 Qxe5 25. Bb2 Qh2+ 0-1

[Event "Russian Championship G15 2016"]
[Site "Loo"]
[Date "2016.04.20"]
[Round "1.13"]
[White "Fonyak, Marina"]
[Black "Bogdanova, Darya"]
[Result "1-0"]
[WhiteElo "1852"]
[BlackElo "1695"]
[PlyCount "51"]
[EventDate "2016.04.20"]

1. e4 c5 2. d4 cxd4 3. Qxd4 Nc6 4. Qe3 d6 5. Bd2 Nf6 6. f3 g6 7. Nc3 Bg7 8.
O-O-O Be6 9. h4 Nh5 10. Nge2 Qd7 11. g4 Nf6 12. Nf4 a6 13. Kb1 O-O-O 14. Ncd5
Bxd5 15. exd5 Ne5 16. g5 Kb8 17. gxf6 Bxf6 18. Qb3 Ka8 19. Bc3 Qf5 20. Rd4 Nxf3
21. Ra4 Bxc3 22. Qxc3 Qd7 23. Rc4 Ne5 24. Rc7 Qg4 25. Bxa6 bxa6 26. Qd4 1-0

[Event "Russian Championship G15 2016"]
[Site "Loo"]
[Date "2016.04.20"]
[Round "1.14"]
[White "Badzgaradze, Elena"]
[Black "Serditykh, Olesya"]
[Result "1-0"]
[WhiteElo "1692"]
[BlackElo "1844"]
[PlyCount "93"]
[EventDate "2016.04.20"]

1. d4 d5 2. Nf3 Nf6 3. c4 c6 4. Qc2 g6 5. Bf4 Bg7 6. e3 Bf5 7. Qb3 Qc8 8. Nc3
Be6 9. Rc1 dxc4 10. Bxc4 Bxc4 11. Qxc4 O-O 12. O-O Nbd7 13. h3 Nb6 14. Qb3 Nbd5
15. Bh2 e6 16. Rfd1 Rd8 17. Ne5 Nd7 18. Nc4 N7b6 19. Nd6 Qd7 20. e4 Nxc3 21.
bxc3 Bf8 22. Nc4 Nxc4 23. Qxc4 b5 24. Qb3 a5 25. c4 a4 26. Qf3 Bg7 27. cxb5
cxb5 28. Rc7 Qe8 29. d5 exd5 30. exd5 Rd7 31. d6 Rad8 32. Qc6 Qe6 33. Rxd7 Qxd7
34. Qxd7 Rxd7 35. Rc1 Bd4 36. Rc7 Rd8 37. Bf4 Kg7 38. d7 Bf6 39. Bd6 h5 40. Kf1
g5 41. g4 hxg4 42. hxg4 Rg8 43. Rb7 Bd8 44. Rxb5 Kf6 45. Re5 Kg7 46. Re8 f6 47.
Be7 1-0

[Event "Russian Championship G15 2016"]
[Site "Loo"]
[Date "2016.04.20"]
[Round "1.15"]
[White "Kvachko, Anastasiya"]
[Black "Yakushina, Ekaterina"]
[Result "1-0"]
[WhiteElo "1831"]
[BlackElo "1637"]
[PlyCount "53"]
[EventDate "2016.04.20"]

1. e4 Nf6 2. e5 Nd5 3. d4 d6 4. Nf3 dxe5 5. Nxe5 c6 6. Bd3 Nd7 7. Nf3 N7f6 8.
h3 Nb4 9. O-O Nxd3 10. Qxd3 g6 11. Re1 Bg7 12. Qe2 e6 13. Bg5 O-O 14. Nbd2 Qc7
15. c3 b6 16. Ne5 Nd5 17. Ng4 h5 18. Ne3 Nxe3 19. Qxe3 Bb7 20. Ne4 Rac8 21. Bf4
e5 22. dxe5 Rcd8 23. Nf6+ Kh8 24. Bh6 Qe7 25. Qg5 Bxf6 26. exf6 Qc5 27. Bg7+
1-0

[Event "Russian Championship G15 2016"]
[Site "Loo"]
[Date "2016.04.20"]
[Round "1.16"]
[White "Shevchuk, Margarita"]
[Black "Shakhmatova, Kseniya"]
[Result "0-1"]
[WhiteElo "1636"]
[BlackElo "1828"]
[PlyCount "46"]
[EventDate "2016.04.20"]

1. d4 Nf6 2. Nf3 e6 3. e3 b6 4. b3 Bb7 5. Bb2 c5 6. Nbd2 Nc6 7. Bd3 d5 8. O-O
Bd6 9. Ne5 O-O 10. a3 Rc8 11. f4 Nd7 12. Qh5 f5 13. Rf3 Nf6 14. Qh3 Qe8 15. g4
Bxe5 16. g5 Ne4 17. Bxe4 dxe4 18. Rg3 Bc7 19. Kf2 cxd4 20. Rag1 dxe3+ 21. Kxe3
Bxf4+ 22. Kxf4 e5+ 23. Ke3 f4+ 0-1

[Event "Russian Championship G15 2016"]
[Site "Loo"]
[Date "2016.04.20"]
[Round "1.17"]
[White "Strukova, Ksenia"]
[Black "Trofimova, Angelina"]
[Result "1-0"]
[WhiteElo "1822"]
[BlackElo "1635"]
[PlyCount "129"]
[EventDate "2016.04.20"]

1. e4 e5 2. Nf3 Nc6 3. Bc4 Bc5 4. c3 Nf6 5. d3 h6 6. h3 O-O 7. Bb3 a6 8. Nbd2
d5 9. Qe2 d4 10. Nf1 Re8 11. Ng3 Qd6 12. O-O b5 13. a3 Bd7 14. Nh4 Ne7 15. Kh1
g5 16. Nf3 Ng6 17. Nh2 Nf4 18. Bxf4 exf4 19. Nh5 Nxh5 20. Qxh5 Be6 21. Bc2 Kg7
22. Qd1 dxc3 23. bxc3 Bxa3 24. Qb1 Qc5 25. Bb3 Qd6 26. e5 Qf8 27. Bxe6 Rxe6 28.
Ng4 Be7 29. d4 h5 30. d5 Rb6 31. Nh2 a5 32. Qe4 a4 33. Rfe1 Raa6 34. Nf3 a3 35.
d6 cxd6 36. exd6 Bxd6 37. Nxg5 Kh6 38. Qf5 f6 39. Re6 Bc5 40. h4 Qg7 41. Rxb6
Bxb6 42. Qxb5 Qb7 43. Nf7+ Kg7 44. Nd6 Qa7 45. Nf5+ Kg6 46. Ne7+ Kg7 47. Nc6
Qb7 48. Nd8 Ra5 49. Qxa5 Bxd8 50. Qxd8 Qb2 51. Qe7+ Kg6 52. Qxa3 Qxf2 53. Qa2
Qxh4+ 54. Kg1 Kf5 55. Qc2+ Kg4 56. Qf2 Qg3 57. Qxg3+ fxg3 58. c4 h4 59. c5 f5
60. Ra4+ f4 61. c6 h3 62. gxh3+ Kf3 63. Rxf4+ Kxf4 64. c7 Kf3 65. c8=Q 1-0

[Event "Russian Championship G15 2016"]
[Site "Loo"]
[Date "2016.04.20"]
[Round "1.18"]
[White "Grubova, Sofia"]
[Black "Uskova, Taisiya"]
[Result "0-1"]
[WhiteElo "1630"]
[BlackElo "1811"]
[PlyCount "98"]
[EventDate "2016.04.20"]

1. e4 e5 2. Nf3 Nc6 3. Bb5 a6 4. Ba4 Nf6 5. O-O b5 6. Bb3 Bb7 7. Re1 Be7 8. h3
d6 9. c3 O-O 10. d4 h6 11. Nbd2 Re8 12. Nf1 Bf8 13. Ng3 Na5 14. Bc2 Nc4 15. b3
Nb6 16. Bb2 Nbd7 17. Qe2 g6 18. c4 bxc4 19. Qxc4 d5 20. Qc3 exd4 21. Qxd4 Bg7
22. Rab1 c5 23. Qc3 Nh5 24. e5 Nxg3 25. fxg3 d4 26. Qc4 Bxf3 27. gxf3 Nxe5 28.
Qf1 Qb6 29. f4 Nc6 30. Qc4 Na5 31. Qd3 c4 32. Rxe8+ Rxe8 33. bxc4 Re3 34. Bc1
Rxd3 35. Rxb6 Rxg3+ 36. Kh2 Rc3 37. Rb2 Nxc4 38. Rb8+ Kh7 39. Bb3 Rxc1 40. Rc8
d3 41. Rxc4 d2 42. Ra4 Rb1 43. Rxa6 Rxb3 44. Rd6 Rb2 45. Kg3 Rxa2 46. Kf3 Bc3
47. Ke2 Ra1 48. Rd7 Re1+ 49. Kf2 d1=Q 0-1

[Event "Russian Championship G15 2016"]
[Site "Loo"]
[Date "2016.04.20"]
[Round "1.19"]
[White "Komleva, Ekaterina"]
[Black "Litvinova, Kseniya"]
[Result "1/2-1/2"]
[WhiteElo "1808"]
[BlackElo "1616"]
[PlyCount "96"]
[EventDate "2016.04.20"]

1. e4 c6 2. d4 d5 3. Nc3 dxe4 4. Nxe4 Nd7 5. Bc4 Ndf6 6. Nxf6+ Nxf6 7. Nf3 Bf5
8. Qe2 Qb6 9. c3 h6 10. Bf4 e6 11. Ne5 Be7 12. O-O O-O 13. Bb3 Nd5 14. Bg3 Rad8
15. Rad1 Bg5 16. f4 Be7 17. Bxd5 cxd5 18. Rd2 Qa5 19. a3 Rc8 20. h3 Be4 21. Qh5
b5 22. Be1 Bd6 23. Kh2 Qc7 24. g3 a5 25. Rd1 f6 26. Nd3 Qc4 27. Qe2 Rb8 28. Nc1
Qc7 29. b4 axb4 30. axb4 Qc4 31. Bd2 Ra8 32. Kg1 Qxe2 33. Nxe2 Ra2 34. Kf2 Bd3
35. Ke3 Bc4 36. Ra1 Rfa8 37. Rxa2 Rxa2 38. Re1 Kf7 39. Nc1 Ra1 40. Nd3 Rxe1+
41. Bxe1 Bxd3 42. Kxd3 e5 43. fxe5 fxe5 44. dxe5 Bxe5 45. g4 g5 46. Bf2 Kg6 47.
Bd4 Bg3 48. Bc5 Be5 1/2-1/2

[Event "Russian Championship G15 2016"]
[Site "Loo"]
[Date "2016.04.20"]
[Round "1.20"]
[White "Granovskaya, Ekaterina"]
[Black "Usacheva, Glafira"]
[Result "0-1"]
[WhiteElo "1602"]
[BlackElo "1808"]
[PlyCount "134"]
[EventDate "2016.04.20"]

1. e4 c5 2. Nf3 d6 3. d4 cxd4 4. Nxd4 Nf6 5. f3 e5 6. Nb3 Be6 7. c4 a5 8. Be3
Be7 9. Nc3 Nc6 10. Be2 O-O 11. O-O a4 12. Nd2 Qa5 13. Nd5 Bd8 14. a3 Nd7 15. b4
axb3 16. Nxb3 Qa4 17. Nc3 Qa6 18. Nb5 Bb6 19. Qd3 Bxc4 20. Qxc4 Bxe3+ 21. Kh1
Na7 22. Qd5 Nf6 23. Qd3 Qxb5 24. Qxe3 Qd7 25. Rfd1 Qe6 26. Na5 Qe7 27. Nc4 Nc8
28. Rab1 Rd8 29. Rb5 Na7 30. Ra5 Nc6 31. Rxa8 Rxa8 32. Nxd6 Nd4 33. Nc4 Nxe2
34. Qxe2 Qc5 35. Qa2 Rc8 36. Nd6 Qxd6 37. Qb3 Qc6 38. h3 h6 39. Rb1 Rc7 40. Kh2
Nh5 41. a4 Nf4 42. Rb2 Nh5 43. a5 Qg6 44. Qe3 Qg3+ 45. Kh1 Rd7 46. Qg1 Qf4 47.
Qe1 Rc7 48. Rd2 Qg3 49. Qd1 Nf4 50. Qf1 Ne6 51. Qg1 Nd4 52. Qd1 Qf4 53. Kg1
Qe3+ 54. Kh2 Qc3 55. Ra2 Qb3 56. Qxb3 Nxb3 57. a6 bxa6 58. Rxa6 Rc2 59. Rb6 Nd4
60. Kh1 Ne2 61. Rb1 Nf4 62. Rg1 Kh7 63. h4 Rf2 64. Kh2 Kg6 65. Kg3 Rc2 66. Kh2
Kh5 67. Kg3 Ne2+ 0-1

[Event "Russian Championship G15 2016"]
[Site "Loo"]
[Date "2016.04.20"]
[Round "1.21"]
[White "Bogdanova, Natalya"]
[Black "Reva, Liubov"]
[Result "1/2-1/2"]
[WhiteElo "1806"]
[BlackElo "1594"]
[PlyCount "63"]
[EventDate "2016.04.20"]

1. e4 c5 2. c3 Nf6 3. e5 Ng8 4. d4 cxd4 5. cxd4 d6 6. Nc3 dxe5 7. dxe5 Qxd1+ 8.
Kxd1 Nc6 9. Bb5 Bd7 10. Nf3 a6 11. Bd3 Bg4 12. Bf4 Rd8 13. Ke2 e6 14. Be4 Nd4+
15. Kf1 Bxf3 16. gxf3 Rd7 17. Be3 Bc5 18. Rd1 f5 19. Bd3 Ne7 20. Bc4 Nec6 21.
f4 Ke7 22. Rg1 g6 23. Kg2 Ba7 24. a3 Rhd8 25. Rd2 Kf7 26. Rgd1 Ke7 27. f3 Rg8
28. h4 Kf7 29. Ne2 Rgd8 30. Nc3 Rg8 31. Ne2 Rgd8 32. Nc3 1/2-1/2

[Event "Russian Championship G15 2016"]
[Site "Loo"]
[Date "2016.04.20"]
[Round "1.22"]
[White "Znamenskaya, Darya"]
[Black "Smagina, Sofya"]
[Result "1-0"]
[WhiteElo "1589"]
[BlackElo "1800"]
[PlyCount "76"]
[EventDate "2016.04.20"]

1. d4 Nf6 2. c4 g6 3. Nc3 d5 4. e3 Bg7 5. Nf3 O-O 6. Bd2 dxc4 7. Bxc4 c6 8. Rc1
Nd5 9. O-O Be6 10. Ne4 Nd7 11. Nfg5 Bf5 12. Ng3 N5b6 13. Bb3 Bd3 14. Re1 Ba6
15. Qf3 e6 16. N5e4 Nd5 17. Bc2 f5 18. Nc3 Qf6 19. Nxd5 exd5 20. Rcd1 h5 21.
Bb3 Kh8 22. Bb4 Rfe8 23. Qf4 h4 24. Nf1 Nb6 25. Bc2 Bh6 26. Qxh6+ Kg8 27. Qf4
Kg7 28. b3 Rad8 29. Nd2 Rh8 30. h3 Rd7 31. Nf3 Na8 32. Qe5 Qxe5 33. Nxe5 Rdd8
34. Nd3 b6 35. Rc1 Bxd3 36. Bxd3 Rc8 37. Ba6 Rce8 38. Rxc6 f4 1-0

[Event "Russian Championship G15 2016"]
[Site "Loo"]
[Date "2016.04.20"]
[Round "1.23"]
[White "Sargsyan, Anna"]
[Black "Tukaeva, Aida"]
[Result "1-0"]
[WhiteElo "1783"]
[BlackElo "1572"]
[PlyCount "113"]
[EventDate "2016.04.20"]

1. c4 e5 2. Nc3 Nf6 3. e4 Bc5 4. g3 d6 5. h3 O-O 6. Bg2 Nc6 7. Nge2 Be6 8. d3
h6 9. O-O Qd7 10. Kh2 Rad8 11. f4 Qe7 12. f5 Bc8 13. Na4 a6 14. Nxc5 dxc5 15.
Nc3 Nb4 16. Nd5 Nbxd5 17. cxd5 Rd6 18. Be3 b6 19. Qb3 Nd7 20. Qc3 Bb7 21. b4
cxb4 22. Qxc7 Ba8 23. d4 Qf6 24. dxe5 Nxe5 25. Bf4 Re8 26. Rfc1 Rdd8 27. Bxe5
Rxe5 28. a3 bxa3 29. Rxa3 a5 30. Rb3 Rd6 31. Rcb1 Qe7 32. Qxe7 Rxe7 33. Rxb6
Rxb6 34. Rxb6 Ra7 35. Rb8+ Kh7 36. e5 a4 37. d6 Bxg2 38. Kxg2 a3 39. Rb1 Rd7
40. Kf3 g6 41. g4 Kg7 42. Ra1 Ra7 43. Ke4 Kf8 44. Kd5 Ra5+ 45. Kd4 Ke8 46. fxg6
fxg6 47. e6 Ra6 48. Ke5 g5 49. Rb1 Ra8 50. Kf6 a2 51. Ra1 Ra6 52. d7+ Kd8 53.
Kf7 Ra8 54. e7+ Kxd7 55. e8=Q+ Rxe8 56. Rd1+ Kc7 57. Kxe8 1-0

[Event "Russian Championship G15 2016"]
[Site "Loo"]
[Date "2016.04.20"]
[Round "1.24"]
[White "Gomzina, Alisa"]
[Black "Levicheva, Ekaterina"]
[Result "0-1"]
[WhiteElo "1392"]
[BlackElo "1766"]
[PlyCount "56"]
[EventDate "2016.04.20"]

1. e4 e6 2. d4 d5 3. Nd2 Nf6 4. e5 Nfd7 5. Bd3 c5 6. c3 Nc6 7. Ne2 c4 8. Bc2
Be7 9. O-O f6 10. exf6 Nxf6 11. Nf3 Bd6 12. Bf4 Qc7 13. Bxd6 Qxd6 14. Ng3 Bd7
15. Re1 O-O-O 16. Ne5 Rdf8 17. Nxd7 Nxd7 18. Qg4 Nd8 19. Qxg7 Qf4 20. Rf1 Qh4
21. Nh5 Qxh5 22. Qg3 Rhg8 23. Qd6 Qh3 24. g3 Rf6 25. Ba4 Rg7 26. f4 Rxg3+ 27.
hxg3 Qxg3+ 28. Kh1 Rh6# 0-1

[Event "Russian Championship G15 2016"]
[Site "Loo"]
[Date "2016.04.20"]
[Round "1.25"]
[White "Garmash, Aliona"]
[Black "Krivonos, Kristina"]
[Result "1-0"]
[WhiteElo "1763"]
[BlackElo "1367"]
[PlyCount "107"]
[EventDate "2016.04.20"]

1. d4 d5 2. Nf3 Nf6 3. c4 dxc4 4. Nc3 e6 5. e3 Nc6 6. Bxc4 Bb4 7. Bd2 O-O 8.
O-O Bxc3 9. Bxc3 Ne4 10. Qc2 Nxc3 11. bxc3 Qe7 12. Bd3 h6 13. Be4 Bd7 14. Rab1
Rab8 15. Rb2 Na5 16. Ne5 Qe8 17. Rfb1 Ba4 18. Qe2 b6 19. c4 Bc6 20. Nxc6 Nxc6
21. Qf3 Na5 22. Bd3 e5 23. Qf5 g6 24. Qxe5 Qxe5 25. dxe5 Rbd8 26. Bf1 Rd7 27.
f4 Rfd8 28. Kf2 Rd2+ 29. Ke1 R2d7 30. Rc2 Nb7 31. Be2 Nc5 32. Rbc1 Nd3+ 33.
Bxd3 Rxd3 34. Rc3 R3d7 35. c5 b5 36. R1c2 Rd3 37. Ke2 Rxc3 38. Rxc3 Rd5 39. Kf3
b4 40. Rc4 a5 41. Rc2 c6 42. Ke2 Kf8 43. e4 Rd7 44. Rd2 Rxd2+ 45. Kxd2 Ke7 46.
Kc2 a4 47. Kd3 b3 48. axb3 axb3 49. Kc3 b2 50. Kxb2 Kd7 51. Kb3 Kc7 52. Kb4 Kb7
53. Ka5 Ka7 54. f5 1-0

[Event "Russian Championship B11 1st league 2016"]
[Site "Loo"]
[Date "2016.04.20"]
[Round "1.1"]
[White "Tretyakov, Vladimir"]
[Black "Dudko, Ilia"]
[Result "1-0"]
[WhiteElo "1809"]
[BlackElo "1146"]
[PlyCount "57"]
[EventDate "2016.04.20"]

1. e4 e5 2. Nf3 Nc6 3. d4 exd4 4. Bc4 Bc5 5. O-O d6 6. Nbd2 h5 7. Re1 Qe7 8. h3
Be6 9. Bxe6 Qxe6 10. e5 O-O-O 11. Nb3 Bb6 12. Nbxd4 Bxd4 13. Nxd4 Nxd4 14. Qxd4
f6 15. Qxa7 b6 16. Bf4 fxe5 17. Bxe5 Nf6 18. Rad1 Nd5 19. Bxg7 Qg8 20. Bxh8 Nf4
21. Qa8+ Kd7 22. Qa4+ c6 23. Qxf4 Qxh8 24. Qxd6+ Kc8 25. Qxc6+ Kb8 26. Rxd8+
Qxd8 27. Re8 Ka7 28. Rxd8 Ka6 29. Ra8# 1-0

[Event "Russian Championship B11 1st league 2016"]
[Site "Loo"]
[Date "2016.04.20"]
[Round "1.2"]
[White "Kim, Artem"]
[Black "Danchenko, Artemiy"]
[Result "0-1"]
[WhiteElo "1135"]
[BlackElo "1770"]
[PlyCount "74"]
[EventDate "2016.04.20"]

1. e4 e6 2. Nf3 d5 3. Nc3 Nf6 4. e5 Nfd7 5. d4 c5 6. Be3 Nc6 7. Bb5 a6 8. Bxc6
bxc6 9. Na4 Qa5+ 10. Nc3 cxd4 11. Bxd4 c5 12. Be3 d4 13. Nxd4 cxd4 14. Bxd4
Nxe5 15. O-O Be7 16. Bxe5 Qxe5 17. Qf3 Rb8 18. Rfe1 Qc7 19. Na4 O-O 20. c3 Bb7
21. Qe3 Qc6 22. Qg3 Qxa4 23. Qc7 Qc6 24. Qg3 Bd6 25. Qh3 Ba8 26. b4 Rb5 27. f3
Qxc3 28. Rab1 Bxb4 29. Rec1 Bc5+ 30. Kf1 Rxb1 31. Rxb1 Qd3+ 32. Ke1 Qxb1+ 33.
Ke2 Qc2+ 34. Ke1 Qf2+ 35. Kd1 Rd8+ 36. Kc1 Be3+ 37. Kb1 Rd1# 0-1

[Event "Russian Championship B11 1st league 2016"]
[Site "Loo"]
[Date "2016.04.20"]
[Round "1.3"]
[White "Ionochkin, Maksim"]
[Black "Malyshev, Efim"]
[Result "1-0"]
[WhiteElo "1761"]
[BlackElo "1135"]
[PlyCount "55"]
[EventDate "2016.04.20"]

1. d4 d5 2. c4 e6 3. cxd5 exd5 4. Nc3 Nc6 5. Nf3 Nf6 6. Bg5 Bf5 7. Bxf6 gxf6 8.
a3 Qd7 9. e3 Bh6 10. Be2 O-O-O 11. Nh4 Be4 12. Nxe4 dxe4 13. Bg4 Ne5 14. dxe5
Qxg4 15. Qxg4+ Kb8 16. Qxe4 Bg5 17. Nf5 Rhe8 18. Rc1 Rxe5 19. Qc4 c6 20. f4
Rxf5 21. fxg5 fxg5 22. Rd1 Rfd5 23. Rxd5 cxd5 24. Qc3 Rc8 25. Qe5+ Ka8 26. Kd2
f6 27. Qe6 d4 28. Qxc8# 1-0

[Event "Russian Championship B11 1st league 2016"]
[Site "Loo"]
[Date "2016.04.20"]
[Round "1.4"]
[White "Shelukhin, Ivan"]
[Black "Kuzmin, Roman"]
[Result "0-1"]
[WhiteElo "1133"]
[BlackElo "1756"]
[PlyCount "64"]
[EventDate "2016.04.20"]

1. e4 e5 2. Nf3 Nc6 3. Bb5 a6 4. Ba4 d6 5. d4 b5 6. Bb3 Nxd4 7. Nxd4 exd4 8.
Qxd4 c5 9. Bxf7+ Kxf7 10. Qd3 Be6 11. Qf3+ Nf6 12. Be3 Be7 13. Nd2 Rf8 14. O-O
Kg8 15. a3 Nd5 16. Qe2 Nf4 17. Bxf4 Rxf4 18. f3 Qb6 19. Qf2 Raf8 20. b4 Bf6 21.
bxc5 dxc5 22. Qg3 c4+ 23. Kh1 Bh4 24. Qxf4 Rxf4 25. g3 Rf6 26. gxh4 Qe3 27.
Rad1 Bh3 28. Rfe1 Qxa3 29. e5 Rg6 30. Rg1 Rxg1+ 31. Rxg1 Qe3 32. Rd1 c3 0-1

[Event "Russian Championship B11 1st league 2016"]
[Site "Loo"]
[Date "2016.04.20"]
[Round "1.5"]
[White "Antimenko, Tikhon"]
[Black "Zhosan, Iannis"]
[Result "0-1"]
[WhiteElo "1711"]
[BlackElo "1105"]
[PlyCount "120"]
[EventDate "2016.04.20"]

1. e4 c5 2. Bb5 Nc6 3. Nf3 d6 4. d4 Bd7 5. Nc3 e6 6. Be3 Be7 7. Qd2 Qc7 8.
O-O-O a6 9. Bxc6 Bxc6 10. Qe2 Nf6 11. d5 Bd7 12. Qd2 O-O 13. e5 Nxd5 14. Nxd5
exd5 15. Qxd5 Be6 16. exd6 Bxd5 17. dxc7 Bc6 18. Rhg1 Rac8 19. Bf4 g5 20. Nxg5
Bxg5 21. Bxg5 Rxc7 22. Bf4 Rcc8 23. Bd6 Rfe8 24. b3 Re2 25. Rd2 Rxd2 26. Kxd2
Rd8 27. Kc3 Rxd6 28. f3 Rg6 29. Kc4 Bxf3 30. g3 b6 31. Re1 Rg4+ 32. Kd3 Rd4+
33. Kc3 b5 34. Re5 b4+ 35. Kb2 c4 36. bxc4 Rxc4 37. Re1 a5 38. Re3 Bd1 39. c3
bxc3+ 40. Rxc3 Rxc3 41. Kxc3 a4 42. Kd2 Bf3 43. a3 Kg7 44. Ke3 Bd1 45. Kf4 Kg6
46. h3 f5 47. h4 h5 48. Ke3 Kf6 49. Kd4 Ke6 50. Ke3 Ke5 51. Kd2 Bg4 52. Ke3 Kd5
53. Kd3 Kc5 54. Kc3 Be2 55. Kd2 Bf1 56. Kc3 Kd5 57. Kd2 Kc4 58. Kc2 Bd3+ 59.
Kd2 Kd4 60. Ke1 Kc3 0-1

[Event "Russian Championship B11 1st league 2016"]
[Site "Loo"]
[Date "2016.04.20"]
[Round "1.6"]
[White "Kurnosov, Egor"]
[Black "Anikeev, Mark"]
[Result "1-0"]
[WhiteElo "1069"]
[BlackElo "1707"]
[PlyCount "91"]
[EventDate "2016.04.20"]

1. e4 c5 2. c3 g6 3. d4 cxd4 4. cxd4 d6 5. Bf4 Bg7 6. Nf3 e6 7. g3 Ne7 8. Nc3
a6 9. Qd2 O-O 10. Bh6 Bd7 11. h4 f5 12. h5 fxe4 13. hxg6 hxg6 14. Bxg7 Kxg7 15.
Qh6+ Kf7 16. Ng5+ Ke8 17. Ngxe4 Bc6 18. Bd3 b5 19. Rh2 b4 20. Ne2 e5 21. Nd2
Bd5 22. Bxg6+ Nxg6 23. Qxg6+ Bf7 24. Qe4 d5 25. Qxe5+ Qe7 26. Qxe7+ Kxe7 27.
Rc1 Kd7 28. Nf3 Nc6 29. Rh6 Rac8 30. Ne5+ Nxe5 31. dxe5 Rxc1+ 32. Nxc1 Be6 33.
Ne2 Rc8 34. Nf4 Bf5 35. Rd6+ Ke7 36. Rxa6 Rc1+ 37. Kd2 Rc2+ 38. Kd1 Rxf2 39.
Nxd5+ Kd8 40. Nxb4 Rxb2 41. Nc6+ Kc7 42. Nd4 Rb1+ 43. Kd2 Rb2+ 44. Kc3 Rf2 45.
Rc6+ Kd7 46. Rf6 1-0

[Event "Russian Championship G15 1st league 2016"]
[Site "Loo"]
[Date "2016.04.20"]
[Round "1.1"]
[White "Hilova, Vlada"]
[Black "Schegoleva, Sofia"]
[Result "1-0"]
[WhiteElo "1852"]
[BlackElo "1501"]
[PlyCount "55"]
[EventDate "2016.04.20"]

1. e4 e5 2. Nf3 Nc6 3. Bb5 d6 4. d4 exd4 5. Nxd4 Bd7 6. Nc3 g6 7. O-O Bg7 8.
Be3 Nf6 9. h3 O-O 10. Bxc6 bxc6 11. Qd3 Re8 12. Rae1 d5 13. Bg5 h6 14. Bh4 g5
15. Bg3 Nh5 16. exd5 Nxg3 17. fxg3 Rxe1 18. Rxe1 cxd5 19. Nxd5 Bxh3 20. Nc6 Bf5
21. Nde7+ Kh8 22. Qxd8+ Rxd8 23. Nxd8 Bxc2 24. Nxf7+ Kh7 25. b3 Bd4+ 26. Kh2
Kg7 27. Nd8 Bf6 28. Nec6 1-0

[Event "Russian Championship G15 1st league 2016"]
[Site "Loo"]
[Date "2016.04.20"]
[Round "1.2"]
[White "Egorova, Valentina S"]
[Black "Gutkovich, Polina"]
[Result "0-1"]
[WhiteElo "1487"]
[BlackElo "1776"]
[PlyCount "44"]
[EventDate "2016.04.20"]

1. e4 e6 2. d4 d5 3. exd5 exd5 4. Nf3 Bd6 5. Be2 Ne7 6. O-O Nbc6 7. Nc3 Bg4 8.
Bg5 f6 9. Be3 Qd7 10. Nd2 Bxe2 11. Nxe2 O-O-O 12. Nb3 g5 13. Nc3 Rdg8 14. Qd2
Rg6 15. Rae1 Rhg8 16. Kh1 Rh6 17. f4 Nf5 18. Ne2 Qe8 19. Bf2 Qh5 20. h3 g4 21.
Kg1 gxh3 22. g3 Qf3 0-1

[Event "Russian Championship G15 1st league 2016"]
[Site "Loo"]
[Date "2016.04.20"]
[Round "1.3"]
[White "Zinatullina, Adelya"]
[Black "Moiseeva, Polina"]
[Result "1-0"]
[WhiteElo "1775"]
[BlackElo "1485"]
[PlyCount "107"]
[EventDate "2016.04.20"]

1. d4 Nf6 2. Nf3 e6 3. c4 Bb4+ 4. Nc3 Bxc3+ 5. bxc3 Ne4 6. Qc2 f5 7. e3 b6 8.
Ba3 d6 9. Be2 O-O 10. Nd2 Nxd2 11. Qxd2 Bb7 12. f3 Nd7 13. O-O Qh4 14. Qe1 Qg5
15. Bd3 Rf6 16. Qe2 Rh6 17. e4 Qh5 18. h3 fxe4 19. Bxe4 Bxe4 20. Qxe4 Rc8 21.
Qb7 Qe8 22. Bc1 Rh5 23. Re1 e5 24. Qxa7 c6 25. Qa3 Qg6 26. Kh2 Qf7 27. Qxd6
exd4 28. Re7 Qf6 29. Qxd7 Rf8 30. cxd4 Ra5 31. Qe6+ Qxe6 32. Rxe6 Rc8 33. Be3
Kf7 34. Re5 Ra4 35. c5 b5 36. Bf2 h6 37. Re2 g5 38. h4 Kf6 39. Rae1 Kg7 40.
Re7+ Kf8 41. hxg5 hxg5 42. Bg3 Rxd4 43. Bd6 Kg8 44. Re8+ Rxe8 45. Rxe8+ Kf7 46.
Re7+ Kg6 47. Kg3 Ra4 48. Re2 Kf5 49. Re5+ Kg6 50. Be7 Rxa2 51. Bxg5 b4 52. Be3
Kf6 53. Re4 Rb2 54. Bd4+ 1-0

[Event "Russian Championship G15 1st league 2016"]
[Site "Loo"]
[Date "2016.04.20"]
[Round "1.4"]
[White "Polomoshnova, Mariya"]
[Black "Selezneva, Ekaterina"]
[Result "0-1"]
[WhiteElo "1481"]
[BlackElo "1750"]
[PlyCount "148"]
[EventDate "2016.04.20"]

1. e4 c5 2. Nf3 d6 3. Bb5+ Bd7 4. Bxd7+ Qxd7 5. c4 Nf6 6. Nc3 Nc6 7. d4 cxd4 8.
Nxd4 e6 9. O-O Be7 10. b3 O-O 11. Bb2 Rac8 12. Rc1 Rfd8 13. Re1 h6 14. h3 Ne8
15. Kh1 Bg5 16. Rb1 Nc7 17. Nce2 a6 18. f4 Bh4 19. Rf1 Nxd4 20. Nxd4 Bf6 21.
Qg4 Ne8 22. f5 Bxd4 23. Bxd4 e5 24. Bb6 Nf6 25. Qf3 Re8 26. Rfe1 Qc6 27. Bf2 b5
28. cxb5 axb5 29. Bh4 Nh7 30. Qe3 Qc2 31. Qe2 Qxe2 32. Rxe2 Rc6 33. Rd1 Nf6 34.
Bxf6 gxf6 35. Red2 Rd8 36. Rd5 Rb6 37. Rc1 Ra8 38. Rc2 Kf8 39. Kg1 Ke7 40. Kf2
Kd7 41. Ke3 Ra5 42. g4 Rba6 43. Rdd2 Ra8 44. Kf3 b4 45. Ke3 R8a7 46. Ke2 Ra8
47. Ke3 Rg8 48. Kf3 Ra6 49. Rc4 Rb6 50. Rcc2 Rd8 51. Rd5 Ra8 52. Rdd2 Ra7 53.
Ke3 Rc7 54. Ke2 Rbc6 55. Rxc6 Rxc6 56. Kf2 Rc3 57. Kg2 Re3 58. Rd5 Rxe4 59. Ra5
Re2+ 60. Kf3 Rc2 61. Rb5 Rxa2 62. Rxb4 Rb2 63. Rb8 d5 64. h4 d4 65. Rb7+ Ke8
66. Rb8+ Ke7 67. Rb7+ Kf8 68. b4 Rb3+ 69. Ke2 e4 70. b5 e3 71. b6 Rb2+ 72. Ke1
d3 73. Rb8+ Kg7 74. b7 Rb1# 0-1